|
|
|
|
| LEADER |
01627Cam#a22003615a#4500 |
| 001 |
020553 |
| 003 |
AR-BeUNQ |
| 005 |
20191016122044.0 |
| 008 |
090225s2009####ag o f#o #100|0#spa#d |
| 999 |
|
|
|c 20164
|d 95551
|
| 020 |
|
|
|a 9789875581654
|
| 040 |
|
|
|a AR-Be UNQ
|e aacr
|
| 082 |
0 |
4 |
|a 302.2
|2 21
|
| 099 |
|
|
|a 302.2 PRI
|
| 111 |
2 |
|
|a Jornadas de Comunicación, Periodismo y Nuevas Tecnologías de la Licenciatura en Comunicación Social
|c Bernal, Argentina)
|d 2008 :
|n (1º :
|
| 245 |
1 |
0 |
|a Primeras Jornadas Procesos Comunicacionales y Prácticas Culturales de la Licenciatura en Comunicación Social /
|c Nancy Díaz Larrañaga, Leonardo Mora Doldán (compiladores).
|
| 250 |
|
|
|a 1a. ed.
|
| 260 |
|
|
|a Bernal, Argentina :
|b Universidad Nacional de Quilmes,
|c 2009.
|
| 300 |
|
|
|a 133 p. :
|b il. ;
|c 20 cm.
|
| 490 |
0 |
|
|a Documentos de Trabajo. Departamento de Ciencias Sociales / Universidad Nacional de Quilmes ;
|
| 500 |
|
|
|a Incluye referencias.
|
| 650 |
|
7 |
|a Comunicación de masas
|2 spines
|
| 650 |
|
7 |
|a Radiodifusión
|2 toit
|
| 650 |
|
7 |
|a Violencia
|2 spines
|
| 650 |
|
7 |
|a Problemas sociales
|2 spines
|
| 650 |
|
7 |
|a Juventud
|2 toit
|
| 653 |
|
|
|a Comunicación social
|
| 700 |
1 |
|
|a Díaz Larrañaga, Nancy
|e comp
|4 com
|9 1889
|
| 700 |
1 |
|
|a Mora Doldán, Leonardo
|e comp
|4 com
|
| 830 |
|
0 |
|a Documentos de Trabajo.
|p Departamento de Ciencias Sociales (Universidad Nacional de Quilmes).
|v 2
|
| 929 |
|
|
|a DONACION
|b Proveniente de: Lic. en Comunicación Social
|d 0
|e 20090213
|f PAT0027315
|g P109
|j 43146
|
| 929 |
|
|
|a DONACION
|b Proveniente de: Lic. en Comunicación Social
|d 0
|e 20090213
|f PAT0027316
|g P109
|j 43147
|
| 942 |
|
|
|c LIB
|n 0
|